MARC details
| 000 -LEADER |
| fixed length control field |
01571cam a2200385 a 4500 |
| 001 - CONTROL NUMBER |
| control field |
3378408 |
| 003 - CONTROL NUMBER IDENTIFIER |
| control field |
OSt |
| 005 - DATE AND TIME OF LATEST TRANSACTION |
| control field |
20230619103930.0 |
| 008 - FIXED-LENGTH DATA ELEMENTS--GENERAL INFORMATION |
| fixed length control field |
880210s1987 dcua b f000 0 eng c |
| 010 ## - LIBRARY OF CONGRESS CONTROL NUMBER |
| LC control number |
87619856 |
| 020 ## - INTERNATIONAL STANDARD BOOK NUMBER |
| Terms of availability |
$8.50 |
| 040 ## - CATALOGING SOURCE |
| Original cataloging agency |
DGPO/DLC |
| Transcribing agency |
DLC |
| Modifying agency |
DLC |
| 043 ## - GEOGRAPHIC AREA CODE |
| Geographic area code |
n-us--- |
| 082 00 - DEWEY DECIMAL CLASSIFICATION NUMBER |
| Classification number |
005.8 |
| Edition number |
19 |
| Item number |
CUS |
| 086 0# - GOVERNMENT DOCUMENT CLASSIFICATION NUMBER |
| Classification number |
Y 3.T 22/2: D 36 |
| 245 00 - TITLE STATEMENT |
| Title |
Defending secrets, sharing data : |
| Remainder of title |
new locks and keys for electronic information. |
| 260 ## - PUBLICATION, DISTRIBUTION, ETC. (IMPRINT) |
| Place of publication, distribution, etc. |
Washington, DC : |
| Name of publisher, distributor, etc. |
Congress of the U.S., Office of Technology Assessment : |
| -- |
For sale by the Supt. of Docs., U.S. G.P.O., |
| Date of publication, distribution, etc. |
[1987] |
| 300 ## - PHYSICAL DESCRIPTION |
| Extent |
vi, 187 p. : |
| Other physical details |
ill. ; |
| Dimensions |
26 cm. |
| 500 ## - GENERAL NOTE |
| General note |
Shipping list no.: 87-646-P. |
| 500 ## - GENERAL NOTE |
| General note |
"Second component of OTA's assessment of new communications technologies. The first component, The Electronic supervisor: new technologies, new tensions, was published in September 1987"--Foreword. |
| 500 ## - GENERAL NOTE |
| General note |
"October 1987"--P. [4] of cover. |
| 500 ## - GENERAL NOTE |
| General note |
"OTA-CIT-310"--P. [4] of cover. |
| 500 ## - GENERAL NOTE |
| General note |
S/N 052-003-01083-6 |
| 500 ## - GENERAL NOTE |
| General note |
Item 1070-M |
| 504 ## - BIBLIOGRAPHY, ETC. NOTE |
| Bibliography, etc |
Includes bibliographical references. |
| 650 #0 - SUBJECT ADDED ENTRY--TOPICAL TERM |
| Topical term or geographic name as entry element |
Computer security |
| Geographic subdivision |
United States. |
| 650 #0 - SUBJECT ADDED ENTRY--TOPICAL TERM |
| Topical term or geographic name as entry element |
Data protection |
| Geographic subdivision |
United States. |
| 650 #0 - SUBJECT ADDED ENTRY--TOPICAL TERM |
| Topical term or geographic name as entry element |
Electronic data processing departments |
| General subdivision |
Security measures. |
| 710 1# - ADDED ENTRY--CORPORATE NAME |
| Corporate name or jurisdiction name as entry element |
United States. |
| Subordinate unit |
Congress. |
| -- |
Office of Technology Assessment. |
| 740 0# - ADDED ENTRY--UNCONTROLLED RELATED/ANALYTICAL TITLE |
| Uncontrolled related/analytical title |
Electronic supervisor. |
| 906 ## - LOCAL DATA ELEMENT F, LDF (RLIN) |
| a |
7 |
| b |
cbc |
| c |
orignew |
| d |
2 |
| e |
ncip |
| f |
19 |
| g |
y-gencatlg |
| 942 ## - ADDED ENTRY ELEMENTS (KOHA) |
| Source of classification or shelving scheme |
Dewey Decimal Classification |
| Koha item type |
Books |